{"text_format":"3","workbook":"xlsx","n_sheets":1,"sheets":["1"],"not_rendered":{"defined_names":1},"read":"whole","date_system":"1900"}

{"sheet":"1","index":0,"n_rows":18,"n_cols":8,"rows_kept":18,"merged":[[0,0,0,6],[14,0,14,4],[15,0,15,1],[15,2,15,7],[16,0,16,7],[17,0,17,7]]}
["泉州市特殊教育学校自闭症及综合楼二楼网络扩容采购询价单"]
["序号","设备名称","主要技术参数","数量","单位","控制单价","控制金额","备注"]
[1,"24口数据模块\nRG-ES126GS-E","24个10/100/1000Mbps自适应电口，2个10/100/1000Mbps光口，模块容量52Gbps，包转发率38.69Mpps，非网管型模块，机架式。",4,"台",970,{"$f":"F3*D3","v":{"v":3880,"d":"3,880.00"}},"教研六室1台、教研二室2台、教研三室1台。"]
[2,"8口数据模块\nRG-ES108G","8口千兆铁壳",1,"台",165,{"v":165,"d":"165.00"},"自闭症办公室"]
[3,"理线架","标准理线架",4,"条",130,{"v":520,"d":"520.00"},"4台24口交换机使用"]
[4,"电源控制器","1．单路额定电流：≥32A；\n2．单路LCD显示屏不小于1.2英寸，实时显示设备运行状态及用电参数；包括当前运行状态、功率、电压、相电流、温度、总用电量、拉闸等功能；（谈判响应文件需提供第三方检测报告复印件）\n3．单路空开可通过平台设定设备电压/功率/温度等警示阈值，可设置超阈值自动断电并现场声光警示。（谈判响应文件需提供第三方检测报告复印件）\n4．支持内部温度、过压、欠压、过载保护报警推送\n5．产品采用磁保持继电器，设备异常亦能保障原线路的正常使用\n微信小程序显示开关状态，电压、功率、温度、用电量、控制记录、事件记录、数据分析，阀值设置等",6,"台",295,{"v":1770,"d":"1,770.00"},"6间教研室空开"]
[5,"排插\n公牛407W","公牛牌，三插口≥6排插",77,"个",39,{"$f":"F7*D7","v":{"v":3003,"d":"3,003.00"}}]
[6,"电源线","国标2.5²三色电源线",800,"米",3.7,{"v":2960,"d":"2,960.00"}]
[7,"网络线","六类非屏蔽双绞线",4200,"米",3.5,{"v":14700,"d":"14,700.00"}]
[8,"机柜","6U壁挂机柜",2,"台",390,{"v":780,"d":"780.00"},"教研六室1台、教研三室1台"]
[9,"机柜","12U壁挂机柜",1,"台",470,{"v":470,"d":"470.00"},"教研二室"]
[10,"PVC管","线槽及PVC管材等",850,"米",2.3,{"v":1955,"d":"1,955.00"}]
[11,"整改辅料","标签纸、胶布、扎带及线卡等辅料",1,"项",300,{"v":300,"d":"300.00"}]
[12,"人工费","布线施工及线路整改人工费",80,"点",35,{"v":2800,"d":"2,800.00"}]
["项目控制总金额（元）",{"$nulls":5},{"$f":"SUM(G3:G14)","v":{"v":33303,"d":"￥33,303.00"}}]
["投标报价",null,"优惠率　  % ，（如商品原价100元，优惠15元，优惠率便是15%。）"]
["备注：\n1.该报价是指完成采购项目清单中所需的供货、装卸、配件、就位、安装、调试、验收、利润、税费、人工、售后服务等一切费用。 \n2.所用配件均需优质，并符合国家网络管线配件标准。                                                                              \n\n"]
["报价单位（盖章）：                       \n\n联系人：                                  询价人：\n\n联系电话：                                联系电话：\n\n\n                                            报价时间：     年    月    日                                 \n"]